[Event "Ramat Gan Lag BaOmer op"]
[Site "Ramat Gan"]
[Date "2023.05.08"]
[Round "2"]
[White "Newman, Ori"]
[Black "Kuzubov, Yuriy"]
[Result "0-1"]
[WhiteElo "2260"]
[BlackElo "2624"]
[PlyCount "94"]
[EventDate "2023.05.08"]
[EventType "swiss (rapid)"]
[EventRounds "5"]
[EventCountry "ISR"]
[SourceTitle "CBM 214 Extra"]
[Source "ChessBase"]
[SourceDate "2023.07.31"]
[SourceVersion "1"]
[SourceVersionDate "2023.07.31"]
[SourceQuality "1"]

1. d4 Nf6 2. c4 e6 3. g3 d5 4. Nf3 dxc4 5. Bg2 Nc6 6. Qa4 Bb4+ 7. Bd2 Nd5 8. Qb5 Bxd2+ 9. Nbxd2 c3 10. bxc3 Nxc3 11. Qb3 Nd5 12. 0-0 0-0 13. Rfc1 Nde7 14. e3 Rb8 15. Ng5 h6 16. Nxf7 Qd7 17. Nxh6+ gxh6 18. Ne4 b6 19. Rc2 Nd8 20. Rac1 c6 21. Qa3 Nf5 22. Bh3 Qe7 23. Qa4 a5 24. Qc4 Nd6 25. Nxd6 Qxd6 26. f4 Bd7 27. Rb2 Qe7 28. Qc3 Nf7 29. Rcb1 Qd8 30. Qc2 Kg7 31. Qc3 b5 32. a3 Nd6 33. Bg2 Nc4 34. Rb3 Qf6 35. e4 Kh8 36. a4 Rbd8 37. Bf1 Be8 38. e5 Qg7 39. Bxc4 bxc4 40. Qxc4 Bg6 41. Rc1 Be4 42. Qc5 Rxf4 43. Qxa5 Rdf8 44. Qe1 Bd5 45. Ra3 Rf2 46. Qxf2 Rxf2 47. Kxf2 Qf8+ 0-1

[Event "Ramat Gan Lag BaOmer op"]
[Site "Ramat Gan"]
[Date "2023.05.08"]
[Round "4"]
[White "Uritzky, Eli"]
[Black "Newman, Ori"]
[Result "0-1"]
[WhiteElo "1892"]
[BlackElo "2260"]
[PlyCount "62"]
[EventDate "2023.05.08"]
[EventType "swiss (rapid)"]
[EventRounds "5"]
[EventCountry "ISR"]
[SourceTitle "CBM 214 Extra"]
[Source "ChessBase"]
[SourceDate "2023.07.31"]
[SourceVersion "1"]
[SourceVersionDate "2023.07.31"]
[SourceQuality "1"]

1. e4 c6 2. d4 d5 3. f3 dxe4 4. fxe4 e5 5. Nf3 Bg4 6. Bc4 Nd7 7. 0-0 Ngf6 8. dxe5 Bxf3 9. gxf3 Nxe5 10. Be2 Qb6+ 11. Kh1 Rd8 12. Qe1 Bb4 13. Qg3 Ng6 14. a3 Bd6 15. Qg1 Qc7 16. Nc3 0-0 17. f4 Nxf4 18. Bc4 Ng6 19. Be2 Nf4 20. Bc4 Ng6 21. Bg5 Be5 22. h4 Rd4 23. Bd3 Qd7 24. Rf5 Nh5 25. Raf1 Ng3+ 26. Kg2 f6 27. Be3 Nxh4+ 28. Kf2 Nhxf5 29. exf5 Rxd3 30. cxd3 Qxf5+ 31. Ke1 Qxf1+ 0-1

[Event "ISR-chT U18"]
[Site "Hakfar Hayarok"]
[Date "2014.08.20"]
[Round "5.3"]
[White "Gabizon, Eyal"]
[Black "Newman, Ori"]
[Result "0-1"]
[WhiteElo "1804"]
[BlackElo "2117"]
[PlyCount "76"]
[EventDate "2014.08.19"]
[EventType "team"]
[EventRounds "7"]
[EventCountry "ISR"]
[SourceTitle "EXT 2015"]
[Source "ChessBase"]
[SourceDate "2014.11.20"]
[SourceVersion "1"]
[SourceVersionDate "2014.11.20"]
[SourceQuality "1"]

1. d4 Nf6 2. c4 g6 3. Nc3 d5 4. Qa4+ Bd7 5. Qb3 Bc6 6. Bg5 Bg7 7. e3 dxc4 8. Qxc4 Nbd7 9. Nf3 0-0 10. Be2 Nb6 11. Qb3 a5 12. 0-0 a4 13. Qc2 a3 14. Ne5 axb2 15. Qxb2 Bd5 16. Nxd5 Nfxd5 17. Bh4 Qd6 18. Bg3 Qa3 19. Qc2 Rfc8 20. Bg4 e6 21. e4 Nb4 22. Qd2 Nc6 23. Nxc6 bxc6 24. Rfc1 Rd8 25. e5 c5 26. Qc2 cxd4 27. Bh4 d3 28. Qd2 Rd4 29. f4 Nd5 30. Bg3 Bf8 31. Bf3 Bb4 32. Qf2 Bc5 33. Kh1 Rc4 34. Qf1 Rxc1 35. Rxc1 d2 36. Ra1 Rd8 37. Bh4 Ne3 38. Qb5 Qc1+ 0-1

[Event "ISR-chT U18"]
[Site "Hakfar Hayarok"]
[Date "2014.08.20"]
[Round "4.3"]
[White "Newman, Ori"]
[Black "Monteriano, Eran"]
[Result "1-0"]
[WhiteElo "2117"]
[BlackElo "1956"]
[PlyCount "71"]
[EventDate "2014.08.19"]
[EventType "team"]
[EventRounds "7"]
[EventCountry "ISR"]
[SourceTitle "EXT 2015"]
[Source "ChessBase"]
[SourceDate "2014.11.20"]
[SourceVersion "1"]
[SourceVersionDate "2014.11.20"]
[SourceQuality "1"]

1. d4 Nf6 2. Nf3 g6 3. c4 Bg7 4. Nc3 d6 5. e4 0-0 6. Be2 e5 7. 0-0 Nc6 8. d5 Ne7 9. b4 Nh5 10. Re1 h6 11. c5 f5 12. Nd2 Nf4 13. Bf1 fxe4 14. Ndxe4 g5 15. cxd6 cxd6 16. Be3 Nf5 17. Rc1 Rf7 18. Qb3 g4 19. Nb5 a6 20. Nbc3 h5 21. b5 a5 22. b6 Bf8 23. Nb5 Rg7 24. Nc7 Rb8 25. Red1 Nxe3 26. fxe3 Nh3+ 27. Kh1 Qh4 28. g3 Qe7 29. Ne6 Rg6 30. Rc7 Bd7 31. Rdc1 Qf7 32. Rxd7 Qxd7 33. Rc7 Qe8 34. Bb5 Qc8 35. Bd7 Qxc7 36. bxc7 1-0